Giảng văn chọn lọc văn học Việt Nam Văn học hiện đại

Guardat en:
Dades bibliogràfiques
Format: Llibre
Idioma:Undetermined
Publicat: Hà Nội Đại học Quốc gia Hà Nội 2001
Matèries:
Etiquetes: Afegir etiqueta
Sense etiquetes, Sigues el primer a etiquetar aquest registre!
Thư viện lưu trữ: Trung tâm Học liệu Trường Đại học Cần Thơ
LEADER 00517nam a2200157Ia 4500
001 CTU_42915
008 210402s9999 xx 000 0 und d
082 |a 807 
082 |b Gi106h 
245 0 |a Giảng văn chọn lọc văn học Việt Nam 
245 0 |b Văn học hiện đại 
260 |a Hà Nội 
260 |b Đại học Quốc gia Hà Nội 
260 |c 2001 
650 |a vietnamese literature - study and teaching ( secondary ) 
980 |a Trung tâm Học liệu Trường Đại học Cần Thơ